Match Bon Jovi songs to the album by its cover #2 - Statistics

General Stats
  • This quiz has been taken 5 times
  • The average score is 23 of 50
Answer Stats
Hint Answer % Correct
In And Out Of Love
75%
Breakout
75%
Always
75%
Have A Nice Day
75%
This Ain't A Love Song
75%
Hearts Breaking Even
75%
I Believe
75%
Raise Your Hands
75%
Secret Dreams
50%
To The Fire
50%
Misunderstood
50%
Two Story Town
50%
She's A Mystery
50%
Just Older
50%
Burning For Love
50%
Come Back
50%
Get Ready
50%
Roulette
50%
Someday I'll Be Saturday Night
50%
Blaze Of Glory
50%
Blood On Blood
50%
Wild Is The Wind
50%
Love For Sale
50%
99 In The Shade
50%
These Days
50%
Something For The Pain
50%
Lie To Me
50%
Hey God
50%
Something To Believe In
50%
If I Was Your Mother
50%
Fear
50%
I'll Sleep When I'm Dead
50%
Wild In The Streets
50%
I'd Die For You
50%
Always Run To You
25%
Tokyo Road
25%
The Hardest Part Is The Night
25%
King Of The Mountain
25%
All About Lovin' You
25%
One Wild Night
25%
Who Says You Can't Go Home
25%
My Guitar Lies Bleeding In My Arms
25%
Damned
25%
(It's Hard) Letting You Go
25%
Diamond Ring
25%
If That's What It Takes
25%
Woman In Love
25%
Little Bit Of Soul
25%
Blame It On The Love Of Rock & Roll
25%
Edge Of A Broken Heart
0%
No matching quizzes found
Score Distribution
Percent of People with Each Score
Percentile by Number Answered
Your Score History
You have not taken this quiz